Пестрые бабочки (Запись № 12695874)

Подробности
000 -МАРКЕР
контрольное поле 03239ncm0a2200481 4500
001 - ИДЕНТИФИКАТОР ЗАПИСИ
контрольное поле RU\NLR\ONIZ\266137
005 - ИДЕНТИФИКАТОР ВЕРСИИ
контрольное поле 20250625113739.0
035 ## - ДРУГИЕ СИСТЕМНЫЕ НОМЕРА
Идентификатор записи (NLR Aleph) 022083625
071 20 - ИЗДАТЕЛЬСКИЙ НОМЕР
Номер, присвоенный агентством 7064
100 ## - ДАННЫЕ ОБЩЕЙ ОБРАБОТКИ
Данные общей обработки 20220526d1926 |||y0rusy50 ca
101 0# - ЯЗЫК РЕСУРСА
Язык текста, звукозаписи и т.д. русский
-- немецкий
102 ## - СТРАНА ПУБЛИКАЦИИ ИЛИ ПРОИЗВОДСТВА
Страна публикации российская федерация
125 ## - ПОЛЕ КОДИРОВАННЫХ ДАННЫХ: ЗВУКОЗАПИСИ И НОТНЫЕ ИЗДАНИЯ
Форма изложения нотного текста z|
145 0# - ПОЛЕ КОДИРОВАННЫХ ДАННЫХ: СРЕДСТВО ИСПОЛНЕНИЯ МУЗЫКАЛЬНОГО ПРОИЗВЕДЕНИЯ (УСТАРЕВШЕЕ)
Тип средства исполнения b
200 1# - ЗАГЛАВИЕ И СВЕДЕНИЯ ОБ ОТВЕТСТВЕННОСТИ
Основное заглавие Пестрые бабочки
Общее обозначение материала Ноты
Сведения, относящиеся к заглавию 5 легких пьесок для фортепиано в 4 руки
Первые сведения об ответственности Ф. Бер
203 ## - ВИД СОДЕРЖАНИЯ И ТИП СРЕДСТВА
Вид содержания Музыка
Дополнительные сведения об издании знаковая
-- визуальная
Тип средства непосредственная
210 ## - ПУБЛИКАЦИЯ, РАСПРОСТРАНЕНИЕ И ДР.
Место издания, распространения и т.д. Москва
Имя издателя, распространителя и т. д. Государственное издательство, Музыкальный сектор
Дата издания, распространения и т.д. 1926
215 ## - ФИЗИЧЕСКАЯ ХАРАКТЕРИСТИКА
Специфическое обозначение материала и объем 35 с.
Размеры 31 см
313 ## - ПРИМЕЧАНИЯ, ОТНОСЯЩИЕСЯ К ТЕМАТИЧЕСКОМУ ДОСТУПУ
Текст примечания Систематизация документа проведена по изданию - Методика классифицирования музыкальных произведений (нотных изданий) по таблицам Библиотечно-библиографических классификаций : метод. рекомендации / Гос. б-ка СССР им. В.И. Ленина.- М., 1977. Индексу ББК методических рекомендаций присваивается код ББК для научных библиотек - LBC/SL
327 1# - ПРИМЕЧАНИЯ О СОДЕРЖАНИИ
Текст примечания 1. Танец кукол = Puppen-Gavotte ;
-- 2. Конькобежцы-галоп = Eislauf-Galopp ;
-- 3. Альпийская роза = Alpenröslein ;
-- 4. Торжественный марш = Gratulations-Marsch ;
-- 5. Вальс цветов = Blumenlieder : Walzer
464 #0 - АНАЛИТИЧЕСКИЙ УРОВЕНЬ
Встроенное поле 2001#$aТанец кукол$dPuppen-Gavotte$zger
-- 215##$aС.2-7
Заглавие Танец кукол
464 #0 - АНАЛИТИЧЕСКИЙ УРОВЕНЬ
Встроенное поле 2001#$aКонькобежцы-галоп$dEislauf-Galopp$zger
-- 215##$aС.8-13
Заглавие Конькобежцы-галоп
464 #0 - АНАЛИТИЧЕСКИЙ УРОВЕНЬ
Встроенное поле 2001#$aАльпийская роза$dAlpenröslein$zger
-- 215##$aС.14-19
Заглавие Альпийская роза
464 #0 - АНАЛИТИЧЕСКИЙ УРОВЕНЬ
Встроенное поле 2001#$aТоржественный марш$dGratulations-Marsch$zger
-- 215##$aС.20-25
Заглавие Торжественный марш
464 #0 - АНАЛИТИЧЕСКИЙ УРОВЕНЬ
Встроенное поле 2001#$aВальс цветов$dBlumenlieder$eWalzer$zger
-- 215##$aС.26-35
Заглавие Вальс цветов
606 1# - НАИМЕНОВАНИЕ ТЕМЫ КАК ПРЕДМЕТ
Наименование темы Фортепианная музыка немецкая
Хронологический подзаголовок 19 в.
Формальный подзаголовок Ноты
Код системы nlr_sh
606 1# - НАИМЕНОВАНИЕ ТЕМЫ КАК ПРЕДМЕТ
Наименование темы Музыкальные произведения для фортепиано в 4 руки
Географический подзаголовок Германия
Хронологический подзаголовок 19 в.
Формальный подзаголовок Ноты
Код системы nlr_sh
606 1# - НАИМЕНОВАНИЕ ТЕМЫ КАК ПРЕДМЕТ
Наименование темы Пьесы для фортепиано в 4 руки (1-4 кл. ДМШ)
Формальный подзаголовок Ноты
Код системы nlr_sh
606 1# - НАИМЕНОВАНИЕ ТЕМЫ КАК ПРЕДМЕТ
Наименование темы Циклы характерных и лирических пьес для фортепиано в 4 руки
Географический подзаголовок Германия
Хронологический подзаголовок 19 в.
Формальный подзаголовок Ноты
Код системы nlr_sh
686 0# - ИНДЕКСЫ ДРУГИХ КЛАССИФИКАЦИЙ
Индекс Щ952.425.4-058.9я44(4Г)
686 0# - ИНДЕКСЫ ДРУГИХ КЛАССИФИКАЦИЙ
Индекс Щ952.425.4-054(4Г)
686 0# - ИНДЕКСЫ ДРУГИХ КЛАССИФИКАЦИЙ
Индекс Щ952.425.498(4Г)я44
700 #1 - ИМЯ ЛИЦА - ПЕРВИЧНАЯ ОТВЕТСТВЕННОСТЬ
Системный номер авторитетной/нормативной записи z02790
Начальный элемент ввода Бер
Часть имени, кроме начального элемента ввода Ф.
Даты 1837-1898
Расширение инициалов личного имени Франц
Код отношения Композитор
Графика поля Кириллица
790 #1 - ИМЯ ЛИЦА - АЛЬТЕРНАТИВНАЯ ФОРМА
Системный номер авторитетной/нормативной записи z02700
Начальный элемент ввода Behr
Часть имени, кроме начального элемента ввода F.
Даты 1837-1898
Расширение инициалов личного имени Franz
Код отношения Композитор
Графика поля Латинская
801 #0 - ИСТОЧНИК ЗАПИСИ
Страна российская федерация
Организация NLR
Дата составления 20220526
Правила каталогизации PSBO
801 #1 - ИСТОЧНИК ЗАПИСИ
Страна российская федерация
Организация NLR
Дата составления 20220526
Источник данных rusmarc
801 #2 - ИСТОЧНИК ЗАПИСИ
Страна российская федерация
Организация NLR
Дата составления 20230516
852 ## - МЕСТОНАХОЖДЕНИЕ И ШИФР ХРАНЕНИЯ
Идентификатор организации NLR
Наименование фонда или коллекции (Sub-Location Identifier) М
Шифр хранения (Call Number) К-4/5434
Страна
Номер экземпляра 1
942 ## - ДОПОЛНИТЕЛЬНЫЕ ЭЛЕМЕНТЫ ЗАПИСИ (АБИС)
Тип экземпляра АБИС Ноты
980 ## - КОЛЛЕКЦИЯ
Название коллекции Национальная библиография
980 ## - КОЛЛЕКЦИЯ
Название коллекции Отдел нот и звукозаписей
Экземпляры
Тип экземпляра Дата поступления Библиотека постоянного хранения Библиотека текущего хранения Место хранения Шифр хранения Статус не для выдачи
Ноты 26.05.2022 РНБ (Московский) РНБ (Московский) Фонд нот и звукозаписей К-4/5434 К-4/5434